| 000 | 00358nam a2200145Ia 4500 | ||
|---|---|---|---|
| 008 | 191201s2010 xx 000 0 und d | ||
| 082 |
_a005.43 _bTAO |
||
| 100 | _aTANENBAUM, Andrew S | ||
| 245 | 0 | _aOperating Systems Design and Implementation | |
| 250 | _aRep | ||
| 260 |
_aN.Delhi _bPHI _c2010 |
||
| 300 | _a1054 | ||
| 650 | _aB.Tech(CSE) | ||
| 942 |
_2ddc _cBK |
||
| 999 |
_c5651 _d5651 |
||